Menschenbilder : Beiträge zur Altdeutschen Kunst
Summary: Für die Künstler am Übergang von Spätmittelalter zur Frühen Neuzeit rückte der Mensch im Zuge der tief greifenden gesellschaftlichen Umwälzungen ins Zentrum des künstlerischen Interesses. Die Maler und Bildhauer avancieren gleichermassen zu Entdeckern und zu Konstrukteuren des Mensc...
Gespeichert in:
| Mitwirkende: | |
|---|---|
| Dokumenttyp: | Buch |
| Sprache: | German |
| Veröffentlicht: |
Petersberg
: Imhof
, [2011]
|
| Schlagwörter: | |
| Online Zugang: | Rezension Inhaltsverzeichnis Rezension Rezension Inhaltstext Inhaltsverzeichnis Rezension Klappentext |
| Bibliogr. Hinweis: | Rezensiert in:
[Rezension von: Andreas Tacke / Stefan Heinz: (Hrsg.), Menschenbilder. Beiträge zur Altdeutschen Kunst] Rezensiert in: [Rezension von: Andreas Tacke (Hrsg.), Menschenbilder. Beiträge zur Altdeutschen Kunst - Sabine Haag (Hrsg.), Dürer, Cranach, Holbein. Die Entdeckung des Menschen: das deutsche Porträt um 1500 - Keith Christiansen (Hrsg.), Gesichter der Renaissance. Meisterwerke italienischer Portrait-Kunst] |
| Verantwortlich: | hrsg. von Andreas Tacke ... in Zsarb. mit Ingrid-Sibylle Hoffmann ... |
| LEADER | 06945cam a2201093 c 4500 | ||
|---|---|---|---|
| 001 | 638012511 | ||
| 003 | DE-627 | ||
| 005 | 20260616221602.0 | ||
| 007 | tu | ||
| 008 | 101027s2011 gw ||||| 00| ||ger c | ||
| 010 | |a 2011402051 | ||
| 015 | |a 10,N43 |2 dnb | ||
| 015 | |a 10,N43 |2 dnb | ||
| 016 | 7 | |a 1007685530 |2 DE-101 | |
| 020 | |a 9783865686220 |q Gb. : ca. EUR 49.95 (DE), ca. EUR 51.35 (AT), ca. sfr 70.90 (freier Pr.) |9 978-3-86568-622-0 | ||
| 024 | 3 | |a 9783865686220 | |
| 035 | |a (DE-627)638012511 | ||
| 035 | |a (DE-603)230782507 | ||
| 035 | |a (DE-576)336686331 | ||
| 035 | |a (DE-599)DNB1007685530 | ||
| 035 | |a (OCoLC)724231990 | ||
| 035 | |a (OCoLC)706969370 | ||
| 035 | |a (OCoLC)724231990 | ||
| 035 | |a (OCoLC)691853650 | ||
| 035 | |a (OCoLC)846094152 | ||
| 040 | |a DE-627 |b ger |c DE-627 |e rakwb | ||
| 041 | |a ger |b eng |b fre | ||
| 044 | |c XA-DE-HE | ||
| 050 | 0 | |a N6865 | |
| 082 | 0 | |a 700 |q BSZ | |
| 082 | 0 | 4 | |a 700 |q DNB |
| 084 | |a 9,10 |2 ssgn | ||
| 084 | |a LK 10260 |q BVB |2 rvk |0 (DE-625)rvk/97490: | ||
| 084 | |a LH 47560 |2 rvk |0 (DE-625)rvk/93672: | ||
| 084 | |a LH 84122 |2 rvk |0 (DE-625)rvk/95281: | ||
| 084 | |a LK 10205 |2 rvk |0 (DE-625)rvk/97484: | ||
| 084 | |a 20.70 |2 bkl | ||
| 084 | |a 20.24 |2 bkl | ||
| 245 | 0 | 0 | |a Menschenbilder |b Beiträge zur Altdeutschen Kunst |c hrsg. von Andreas Tacke ... in Zsarb. mit Ingrid-Sibylle Hoffmann ... |
| 264 | 1 | |a Petersberg |b Imhof |c [2011] | |
| 300 | |a 318 S. |b zahlr. Ill. |c 24 cm | ||
| 336 | |a Text |b txt |2 rdacontent | ||
| 337 | |a ohne Hilfsmittel zu benutzen |b n |2 rdamedia | ||
| 338 | |a Band |b nc |2 rdacarrier | ||
| 500 | |a Literaturangaben | ||
| 520 | |a Summary: Für die Künstler am Übergang von Spätmittelalter zur Frühen Neuzeit rückte der Mensch im Zuge der tief greifenden gesellschaftlichen Umwälzungen ins Zentrum des künstlerischen Interesses. Die Maler und Bildhauer avancieren gleichermassen zu Entdeckern und zu Konstrukteuren des Menschen. Die Anfänge einer neuartigen Herangehensweise an das Individuum und den menschlichen Körper im 15. Jahrhundert sind dabei ebenso wichtig wie die herausragenden Manifestationen des Menschenbildes der Renaissance in den Werken von Albrecht Dürer oder Hans Baldung Grien | ||
| 546 | |a Zsfassungen in engl. und franz. Sprache | ||
| 583 | 1 | |a Archivierung/Langzeitarchivierung gewährleistet |f SSG |x XA-DE-BW |2 pdager |5 DE-16 | |
| 583 | 1 | |a Archivierung prüfen |c 20240324 |f DE-4165 |z 2 |2 pdager | |
| 583 | 1 | |a Archivierung/Langzeitarchivierung gewährleistet |f PEHE |2 pdager |5 DE-66 | |
| 648 | 7 | |a Geschichte 1450-1550 |2 gnd | |
| 650 | 0 | |a Art, German |y 15th century |x Themes, motives | |
| 650 | 0 | |a Art, German |y 16th century |x Themes, motives | |
| 650 | 0 | |a Human figure in art | |
| 650 | 0 | |a Art, Renaissance |z Germany | |
| 650 | 0 | 7 | |0 (DE-588)4114333-4 |0 (DE-627)105822957 |0 (DE-576)209483733 |a Kunst |2 gnd |
| 650 | 0 | 7 | |0 (DE-588)4114567-7 |0 (DE-627)105821217 |0 (DE-576)20948568X |a Mensch |g Motiv |2 gnd |
| 650 | 0 | 7 | |0 (DE-588)4129108-6 |0 (DE-627)104535474 |0 (DE-576)209607793 |a Mittelalter |2 gnd |
| 651 | 7 | |0 (DE-588)4011882-4 |0 (DE-627)104704861 |0 (DE-576)208896155 |a Deutschland |2 gnd | |
| 655 | 7 | |a Konferenzschrift |y 2009 |z Trier |0 (DE-588)1071861417 |0 (DE-627)826484824 |0 (DE-576)433375485 |2 gnd-content | |
| 689 | 0 | 0 | |d g |0 (DE-588)4011882-4 |0 (DE-627)104704861 |0 (DE-576)208896155 |a Deutschland |2 gnd |
| 689 | 0 | 1 | |d s |0 (DE-588)4114333-4 |0 (DE-627)105822957 |0 (DE-576)209483733 |a Kunst |2 gnd |
| 689 | 0 | 2 | |d s |0 (DE-588)4114567-7 |0 (DE-627)105821217 |0 (DE-576)20948568X |a Mensch |g Motiv |2 gnd |
| 689 | 0 | 3 | |a z |2 gnd |a Geschichte 1450-1550 |
| 689 | 0 | |5 DE-101 | |
| 700 | 1 | |a Tacke, Andreas |d 1954- |e Hrsg. |0 (DE-588)130264997 |0 (DE-627)496582089 |0 (DE-576)167692283 |4 edt | |
| 700 | 1 | |a Hoffmann, Ingrid-Sibylle |d 197X- |0 (DE-588)132761203 |0 (DE-627)526880589 |0 (DE-576)185263933 |4 oth | |
| 787 | 0 | 8 | |i Rezensiert in |a Schmidt, Sebastian |t [Rezension von: Andreas Tacke / Stefan Heinz: (Hrsg.), Menschenbilder. Beiträge zur Altdeutschen Kunst] |d 2012 |w (DE-627)1802222383 |
| 787 | 0 | 8 | |i Rezensiert in |a Hänsel, Sylvaine, 1954 - |t [Rezension von: Andreas Tacke (Hrsg.), Menschenbilder. Beiträge zur Altdeutschen Kunst - Sabine Haag (Hrsg.), Dürer, Cranach, Holbein. Die Entdeckung des Menschen: das deutsche Porträt um 1500 - Keith Christiansen (Hrsg.), Gesichter der Renaissance. Meisterwerke italienischer Portrait-Kunst] |d 2012 |w (DE-627)1846190215 |
| 787 | 0 | 8 | |i Rezensiert in |w (DE-603)449335437 |
| 856 | 4 | 2 | |u https://swbplus.bsz-bw.de/bsz336686331rez-1.htm |m B:DE-576;DE-16 |q application/pdf |v 20121219172357 |x Verlag |3 Rezension |7 1 |
| 856 | 4 | 2 | |u https://swbplus.bsz-bw.de/bsz336686331inh.htm |m B:DE-576;DE-16 |q application/pdf |v 20120705091924 |x Verlag |3 Inhaltsverzeichnis |7 1 |
| 856 | 4 | 2 | |u https://swbplus.bsz-bw.de/bsz336686331rez.htm |m B:DE-576;DE-16 |q application/pdf |v 20120523164914 |x Verlag |3 Rezension |7 1 |
| 856 | 4 | 2 | |u http://www.sehepunkte.de/2012/04/19902.html |m V:DE-576;X:Sehepunkte |q text/html |v 20180413101140 |3 Rezension |7 1 |
| 856 | 4 | 2 | |u http://deposit.dnb.de/cgi-bin/dokserv?id=3550232&prov=M&dok_var=1&dok_ext=htm |m X:MVB |q text/html |x Verlag |3 Inhaltstext |7 1 |
| 856 | 4 | 2 | |u http://d-nb.info/1007685530/04 |m B:DE-101 |q application/pdf |3 Inhaltsverzeichnis |7 1 |
| 856 | 4 | 2 | |u http://scans.hebis.de/HEBCGI/show.pl?23078250_rez.pdf |m V:DE-576;B:DE-16 |q application/pdf |3 Rezension |7 1 |
| 856 | 4 | 2 | |u http://scans.hebis.de/HEBCGI/show.pl?23078250_kla.pdf |m V:DE-604 |q application/pdf |3 Klappentext |7 1 |
| 935 | |a BWLB | ||
| 935 | |i Blocktest | ||
| 936 | r | v | |a LK 10260 |b Spätgotik (auch mit Einschluss der Renaissance) |k Kunstgeschichte |k Kunst nach Ländern bzw. Kontinenten |k Deutschland |k Deutsche Kunstgeschichte einzelner Epochen |k Deutsche Kunstgeschichte des Mittelalters |k Spätgotik (auch mit Einschluss der Renaissance) |0 (DE-627)1271167085 |0 (DE-625)rvk/97490: |0 (DE-576)201167085 |
| 936 | r | v | |a LH 47560 |b Reval |k Kunstgeschichte |k Allgemeines. Allgemeine Kunstgeschichte |k Ausstellungswesen, Ausstellungskataloge |k Ausstellungskataloge |k Orte R |k Reval |0 (DE-627)1274786703 |0 (DE-625)rvk/93672: |0 (DE-576)204786703 |
| 936 | r | v | |a LH 84122 |b Mittelalter (-1500) |k Kunstgeschichte |k Allgemeines. Allgemeine Kunstgeschichte |k Kunstgeschichte einzelner Gattungen der Kunst |k Ikonographie, Ikonologie |k Weltliche Ikonographie |k Der Mensch |k Mittelalter (-1500) |0 (DE-627)1271121840 |0 (DE-625)rvk/95281: |0 (DE-576)201121840 |
| 936 | r | v | |a LK 10205 |b Allgemeines |k Kunstgeschichte |k Kunst nach Ländern bzw. Kontinenten |k Deutschland |k Deutsche Kunstgeschichte einzelner Epochen |k Deutsche Kunstgeschichte des Mittelalters |k Allgemeines |0 (DE-627)1271167034 |0 (DE-625)rvk/97484: |0 (DE-576)201167034 |
| 936 | b | k | |a 20.70 |j Europäische Kunst: Allgemeines |0 (DE-627)106406566 |
| 936 | b | k | |a 20.24 |j Gesellschaft |j Kultur |x Ikonographie |0 (DE-627)106423622 |
| 936 | s | n | |a l300 |2 mzub |
| 951 | |a BO | ||
| 990 | |a Deutschland | ||
| 990 | |a Kunst | ||
| 990 | |a Mensch | ||
| 990 | |a Geschichte 1450-1550 | ||
| 991 | |a Rezensiertes Werk | ||
| 999 | |a KXP-PPN638012511 |e 4163977988 | ||


